00702 2200241 4500001002100000005001700021008004100038020002200079035002500101040001200126082001400138084001600152245009000168260003900258300003100297650002800328700002100356700001700377850001200394990001800406990001800424990001800442INLIS00000000001417520150929160508.0  a978-602-0885-08-7 a0010-091500000002688 aYOPDYOG 223a028.5 aK 028.5 Gam aGAMES anak cerdasb: Alat musikc/ Penerjemah, Tim Tulislah.com; Editor, Putri Sastra aJakartabBhuana Ilmu Populerc2015 a48 hlm.b: ilus.c; 24 cm. aAnak -- Buku dan bacaan aTIM Tulislah.com aPUTRI Sastra aYOPDYOG a24552-PD/B.15 a24553-PD/B.15 a24554-PD/B.15